ՀՀ Գիտությունների ազգային ակադեմիայի հիմնարար գիտական գրադարան  =   Fundamental Scientific Library of NAS RA

Ծրագրավորման հիմունքներ : Խնդիրներ և վարժություններ ։ (Record no. 528017)

MARC details
000 -LEADER
fixed length control field 01671nam a2200277 a 4500
001 - CONTROL NUMBER
control field 1893230
003 - CONTROL NUMBER IDENTIFIER
control field AM-YEHGA
005 - DATE AND TIME OF LATEST TRANSACTION
control field 20250617164704.0
008 - FIXED-LENGTH DATA ELEMENTS--GENERAL INFORMATION
fixed length control field 230328s2023 ai ad|||||||||||||0|arm|d
020 ## - INTERNATIONAL STANDARD BOOK NUMBER
International Standard Book Number 9789939791319
040 ## - CATALOGING SOURCE
Original cataloging agency AM-YeHGA
041 0# - LANGUAGE CODE
Language code of text/sound track or separate title arm
090 ## - LOCALLY ASSIGNED LC-TYPE CALL NUMBER (OCLC); LOCAL CALL NUMBER (RLIN)
-- 566184
100 1# - MAIN ENTRY--PERSONAL NAME
Personal name Մամյան, Վահան Կառլենի
245 10 - TITLE STATEMENT
Title Ծրագրավորման հիմունքներ : Խնդիրներ և վարժություններ ։
Remainder of title Ուսումնական ձեռնարկ /
Statement of responsibility, etc. Վ.Կ. Մամյան ; Գրախոսներ՝ Հ.Հ. Օհանյան, Ս.Հ. Էքսուզյան ; ՀՀ ԿԳՄՍՆ, ՀԱՊՀ, Վանաձորի մասնաճյուղ, Մաթեմատիկայի և ծրագրային ճարտարագիտության ամբիոն ; [Խմբագիր՝ Ն.Ա. Խաչատրյան].
260 ## - PUBLICATION, DISTRIBUTION, ETC.
Place of publication, distribution, etc. Երևան :
Name of publisher, distributor, etc. Ճարտարագետ,
Date of publication, distribution, etc. 2023-
300 ## - PHYSICAL DESCRIPTION
Extent մաս ;
Dimensions 20 սմ.
505 10 - FORMATTED CONTENTS NOTE
Miscellaneous information Մ. 1 (2023; 208 էջ) ;
-- Մ. 2 (2024; 150 էջ)
650 14 - SUBJECT ADDED ENTRY--TOPICAL TERM
Topical term or geographic name entry element Համակարգչային ծրագրավորում
Form subdivision Խնդիրների ժողովածու
700 1# - ADDED ENTRY--PERSONAL NAME
Personal name Օհանյան, Հ.Հ.
Relator term գրախոս
Relationship rev
700 1# - ADDED ENTRY--PERSONAL NAME
Personal name Էքսուզյան, Ս.Հ.
Relator term գրախոս
Relationship rev
700 1# - ADDED ENTRY--PERSONAL NAME
Personal name Խաչատրյան, Ն.Ա.
Relator term խմբագիր
Relationship edt
710 2# - ADDED ENTRY--CORPORATE NAME
Corporate name or jurisdiction name as entry element Հայաստանի Հանրապետության կրթության, գիտության, մշակույթի և սպորտի նախարարություն
710 2# - ADDED ENTRY--CORPORATE NAME
Corporate name or jurisdiction name as entry element Հայաստանի ազգային պոլիտեխնիկական համալսարանի Վանաձորի մասնաճյուղ:
Subordinate unit Մաթեմատիկայի և ծրագրային ճարտարագիտության ամբիոն
942 ## - ADDED ENTRY ELEMENTS (KOHA)
Source of classification or shelving scheme Universal Decimal Classification
Koha item type Գրքեր / Books
Holdings
Withdrawn status Lost status Source of classification or shelving scheme Damaged status Not for loan Collection Home library Current library Date acquired Serial enumeration / chronology Total checkouts Full call number Barcode Date last seen Price effective from Koha item type Public note
    Universal Decimal Classification     General Fundamental Scientific Library Fundamental Scientific Library 08/06/2023 Մ. 1   AII/110313 FL0679957 08/06/2023 08/06/2023 Գրքեր / Books 30 Days Loan
    Universal Decimal Classification     General Fundamental Scientific Library Fundamental Scientific Library 08/06/2023 Մ. 1   AII/110314 FL0679958 08/06/2023 08/06/2023 Գրքեր / Books 30 Days Loan
    Universal Decimal Classification     General Fundamental Scientific Library Fundamental Scientific Library 30/01/2025 Մ. 2   AII/112776 FL0686873 30/01/2025 30/01/2025 Գրքեր / Books 30 Days Loan
    Universal Decimal Classification     General Fundamental Scientific Library Fundamental Scientific Library 30/01/2025 Մ. 2   AII/112777 FL0686872 30/01/2025 30/01/2025 Գրքեր / Books 30 Days Loan


ՀՀ ԳԱԱ հիմնարար գիտական գրադարան
ՀՀ,Երևան 0019
Մարշալ Բաղրամյան 24/6
հեռախոս:(374-10) 52-47-50
Հետադարձ կապ

All site content, except where otherwise noted, is licensed under a
Creative Commons License